00000000nam##2200000za#4500
0019.608398
003CaOODSP
00520230801131727
007cr |||||||||||
008150406|2011||||xxc|||||o    f|0| 0 fre|d
040 |aCaOODSP|bfre
043 |an-cn---
0861 |aPS83-5/R252F-PDF
1102 |aService correctionnel Canada. |bDirection de la recherche.
24510|aDélinquants sexuels déclarés délinquants à contrôler dans les centres correctionnels communautaires (CCC) : |h[ressource électronique]|bcomparaison avec d'autres groupes dans les CCC / |cpréparé par : Marsha Axford.
260 |aOttawa - Ontario : |bService correctionnel Canada. |cAoût 2011.
300 |a1p.
4901 |aRecherche en un coup d'oeil|vR-252
590 |a15-05-Supp|b2015-03-31
69107|aCrime sexuel|2gcpds
69107|aSanté mentale|2gcpds
77508|tSexual offenders with an LTSO designation residing in a Community Correctional Centre (CCC) : |w(CaOODSP)9.581629
830#0|aRecherche en un coup d'œil (Service correctionnel Canada)|vR-252|w(CaOODSP)9.503037
85640|ahttp://publications.gc.ca|qPDF|s217 Ko|uhttps://publications.gc.ca/collections/collection_2015/scc-csc/PS83-5-R252-fra.pdf|yR-252